Investment Management (Record no. 95434)

MARC details
000 -LEADER
fixed length control field 00536nam a2200217Ia 4500
008 - FIXED-LENGTH DATA ELEMENTS--GENERAL INFORMATION
fixed length control field 230125s9999 xx 000 0 und d
020 ## - INTERNATIONAL STANDARD BOOK NUMBER
International Standard Book Number 9789351194286
041 ## - LANGUAGE CODE
Language code of text/sound track or separate title eng
082 ## - DEWEY DECIMAL CLASSIFICATION NUMBER
Classification number 658.152
Item number DES
100 ## - MAIN ENTRY--PERSONAL NAME
Personal name Desai J
9 (RLIN) 117605
245 ## - TITLE STATEMENT
Title Investment Management
250 ## - EDITION STATEMENT
Edition statement 1st Ed.
260 ## - PUBLICATION, DISTRIBUTION, ETC. (IMPRINT)
Date of publication, distribution, etc. 2015
Name of publisher, distributor, etc. Biztantra Publications
Place of publication, distribution, etc. New Delhi
300 ## - PHYSICAL DESCRIPTION
Extent 790p
440 ## - SERIES STATEMENT/ADDED ENTRY--TITLE
Volume/sequential designation 5
500 ## - GENERAL NOTE
Keywords Investment;
650 ## - SUBJECT ADDED ENTRY--TOPICAL TERM
Topical term or geographic name as entry element Financial Management
700 ## - ADDED ENTRY--PERSONAL NAME
Personal name Desai J & Joshi N
9 (RLIN) 117606
906 ## - LOCAL DATA ELEMENT F, LDF (RLIN)
b 29
Holdings
Withdrawn status Lost status Damaged status Not for loan Home library Current library Date acquired Vendor Cost, normal purchase price Bill number Total Checkouts Full call number Barcode Date last seen Cost, replacement price Bill Date Koha item type Original Barcode
        Smt. Hiraben Nanavati Institute of Management & Research for Women Smt. Hiraben Nanavati Institute of Management & Research for Women 13/03/2018 Pritam Book Centre 499.00 10551   658.152 DES B16361 HIMR-BK-16361 25/01/2023 470.00 28/02/2018 Books B16361
        Smt. Hiraben Nanavati Institute of Management & Research for Women Smt. Hiraben Nanavati Institute of Management & Research for Women 13/03/2018 Pritam Book Centre 499.00 10551   658.152 DES B16362 HIMR-BK-16362 25/01/2023 470.00 28/02/2018 Books B16362
        Smt. Hiraben Nanavati Institute of Management & Research for Women Smt. Hiraben Nanavati Institute of Management & Research for Women 13/03/2018 Pritam Book Centre 499.00 10551   658.152 DES B16363 HIMR-BK-16363 25/01/2023 470.00 28/02/2018 Books B16363
        Smt. Hiraben Nanavati Institute of Management & Research for Women Smt. Hiraben Nanavati Institute of Management & Research for Women 13/03/2018 Pritam Book Centre 499.00 10551   658.152 DES B16364 HIMR-BK-16364 25/01/2023 470.00 28/02/2018 Books B16364
        Smt. Hiraben Nanavati Institute of Management & Research for Women Smt. Hiraben Nanavati Institute of Management & Research for Women 13/03/2018 Pritam Book Centre 499.00 10551   658.152 DES B16365 HIMR-BK-16365 25/01/2023 470.00 28/02/2018 Books B16365